LEADER 01629nam2 22003733i 450 001 MIL0431058 005 20231121125547.0 100 $a20031206d1926 ||||0itac50 ba 101 | $aita$cita 102 $ait 181 1$6z01$ai $bxxxe 182 1$6z01$an 200 1 $a˜2: œCultura e vita morale$eintermezzi polemici$fBenedetto Croce 205 $a2. ed. raddoppiata 210 $aBari$cLaterza$d1926 215 $a320 p.$d21 cm 462 1$1001MIL0020460$12001 $aScritti varii$fBenedetto Croce$v2$1700 1$aCroce$b, Benedetto$f <1866-1952>$3CFIV009433$4070 500 10$aCultura e vita morale : intermezzi polemici$3UM10216520$9CFIV009433$93610542 606 $aMorale$2FIR$3RMLC003782$9I 606 $aItalia$xCultura$xSec. 18.-19.$xSaggi$2FIR$3LO1C030155$9I 676 $a170$9Etica (Filosofia morale)$v22 700 1$aCroce$b, Benedetto$f <1866-1952>$3CFIV009433$4070$09641 790 1$aKur?che$b, Benedetto$3NAPV188058$zCroce, Benedetto <1866-1952> 790 1$aKro?e$b, Benedetto$3NAPV188066$zCroce, Benedetto <1866-1952> 790 1$aCroce$b, Benedykt$3NAPV188236$zCroce, Benedetto <1866-1952> 801 3$aIT$bIT-01$c20031206 850 $aIT-RM0289 $aIT-FR0017 899 $aBiblioteca Statale A. Baldini$bRM0289 899 $aBiblioteca umanistica Giorgio Aprea$bFR0017 912 $aMIL0431058 950 2$aBiblioteca umanistica Giorgio Aprea$d 52DES 195 Cro.Cul.$e 52BUN0000334835 VMB RS $fA $h20130502$i20130502 977 $a 04$a 52 996 $aCultura e vita morale : intermezzi polemici$93610542 997 $aUNICAS